| 000 -LEADER | |
|---|---|
| fixed length control field | 00458nam a22001817a 4500 |
| 005 - DATE AND TIME OF LATEST TRANSACTION | |
| control field | 20230128133630.0 |
| 008 - FIXED-LENGTH DATA ELEMENTS--GENERAL INFORMATION | |
| fixed length control field | 220225b ||||| |||| 00| 0 eng d |
| 020 ## - INTERNATIONAL STANDARD BOOK NUMBER | |
| ISBN | 978-81-7800-289-7 |
| 041 ## - LANGUAGE CODE | |
| Language code of text/sound track or separate title | eng |
| 082 ## - DEWEY DECIMAL CLASSIFICATION NUMBER | |
| Classification number | 615.5 |
| Item number | LYE-P |
| 100 ## - MAIN ENTRY--AUTHOR NAME | |
| Personal name | LYENGAR, M.A |
| 245 ## - TITLE STATEMENT | |
| Title | PHARMACOGNOSY OF POWDERED CRUDE DRUGS |
| 250 ## - EDITION STATEMENT | |
| Edition statement | 10TH, ED |
| 260 ## - PUBLICATION, DISTRIBUTION, ETC. (IMPRINT) | |
| Place of publication | HYDERABAD |
| Name of publisher | PHARMA MED PRESS |
| 300 ## - PHYSICAL DESCRIPTION | |
| Number of Pages | 62;p |
| 650 ## - SUBJECT ADDED ENTRY--TOPICAL TERM | |
| Topical Term | PHARMACY |
| General subdivision | D.PHARMA |
| 942 ## - ADDED ENTRY ELEMENTS (KOHA) | |
| Koha item type | Books |
| Lost status | Damaged status | Collection code | Home library | Current library | Shelving location | Date acquired | Source of acquisition | Cost, normal purchase price | Full call number | Accession Number | Koha item type |
|---|---|---|---|---|---|---|---|---|---|---|---|
| Reference | JRU Library | JRU Library | SHELF-3-B | 25/02/2022 | PURCHASE | 75.00 | 615.5 | 26668 | Books | ||
| PHARMACY | JRU Library | JRU Library | SHELF-19-C | 25/02/2022 | PURCHASE | 75.00 | 615.5 | 26669 | Books | ||
| PHARMACY | JRU Library | JRU Library | SHELF-19-C | 25/02/2022 | PURCHASE | 75.00 | 615.5 | 26670 | Books | ||
| PHARMACY | JRU Library | JRU Library | SHELF-19-C | 25/02/2022 | PURCHASE | 75.00 | 615.5 | 26671 | Books | ||
| PHARMACY | JRU Library | JRU Library | SHELF-19-C | 25/02/2022 | PURCHASE | 75.00 | 615.5 | 26672 | Books | ||
| PHARMACY | JRU Library | JRU Library | SHELF-19-C | 20/01/2023 | LOHIA BOOK INTERNATIONAL | 450.00 | 615.5 LYE-P | 27408 | Books | ||
| PHARMACY | JRU Library | JRU Library | SHELF-19-C | 20/01/2023 | LOHIA BOOK INTERNATIONAL | 450.00 | 615.5 LYE-P | 27409 | Books | ||
| PHARMACY | JRU Library | JRU Library | SHELF-19-C | 20/01/2023 | LOHIA BOOK INTERNATIONAL | 450.00 | 615.5 LYE-P | 27410 | Books | ||
| PHARMACY | JRU Library | JRU Library | SHELF-19-C | 20/01/2023 | LOHIA BOOK INTERNATIONAL | 450.00 | 615.5 LYE-P | 27411 | Books | ||
| PHARMACY | JRU Library | JRU Library | SHELF-19-C | 20/01/2023 | LOHIA BOOK INTERNATIONAL | 450.00 | 615.5 LYE-P | 27412 | Books |